| 000 | 01216nas a2200349 4500 | ||
|---|---|---|---|
| 001 | BR9210572 | ||
| 003 | BR-BrBNA | ||
| 005 | 20231205093408.0 | ||
| 007 | ta | ||
| 008 | 230509b bl.|||p| |||| 00| 00por d | ||
| 040 |
_aBR-BrBNA _bpor _cBiblioteca Nacional de Agricultura |
||
| 041 | _a(Pt) | ||
| 072 | _aL51 | ||
| 100 | 1 | _aLucci, C. de S. | |
| 100 | 1 | _aNogueira Filho, J.C.M. | |
| 100 | 1 | _aHerling, V.R. | |
| 100 | 1 | _aGomide, C.A. | |
| 100 | 1 | _aLima, C.G. de | |
| 245 | 1 | _aFenos de capim de Rhodes (Chloris gayana)ou de alfafa (Medicago sativa)para bezerros, em dietas com dois niveis proteicos. 1: digestibilidade | |
| 246 | 1 | _aRhodes grass hay (Chloris gayana)or alfafa hay (Medicago sativa)for calves, under diets with two levels of protein. 1: digestibility | |
| 650 | _aBEZERRO | ||
| 650 | _aFENO | ||
| 650 | _aCAPIM DE RHODES | ||
| 650 | _aALFAFA | ||
| 650 | _aDIETA | ||
| 650 | _aDIGESTIBILIDADE | ||
| 650 | _aPROTEINA | ||
| 650 | _aVOLUMOSOS | ||
| 773 | 0 |
_tRevista da Faculdade de Medicina Veterinaria e Zootecnia da Universidade de Sao Paulo (Brazil) _xISSN 0303-7525 _g(1989), v. 26(2) p. 259-266 _wBR9210572 |
|
| 909 |
_a202311 _bLúcia _c55 _dLúcia Elande |
||
| 942 |
_2AGRIS _n0 _cANA |
||
| 999 |
_c138053 _d138053 |
||